تحميل...
Law of speedy trial in India
| المؤلف الرئيسي: | |
|---|---|
| التنسيق: | Printed Book |
| منشور في: |
New Delhi
Universal law publishing house
2006
|
| الموضوعات: |
| LEADER | 00535nam a22001577a 4500 | ||
|---|---|---|---|
| 020 | |a 81-7534-538-1 | ||
| 074 | |a 4571 | ||
| 082 | |a 347.07 ARO'06 | ||
| 100 | |a Arora,B.L |9 345 | ||
| 245 | |a Law of speedy trial in India | ||
| 260 | |a New Delhi |b Universal law publishing house |c 2006 | ||
| 300 | |a xxiv,528p. | ||
| 500 | |a include index | ||
| 653 | |a Law |a Civil law |a Trial-India | ||
| 999 | |c 363 |d 363 | ||
| 952 | |0 0 |1 0 |2 ddc |4 0 |6 347_075000000000000_ARO06 |7 0 |9 11911 |a NUALS |b NUALS |c GEN |d 2015-11-30 |l 1 |o 347.075 ARO'06 |p 4571 |r 2017-03-30 |s 2017-01-24 |w 2015-11-30 |y BK | ||